000 00332nam a2200145 a 4500
008 980331s1974||||xx 0 und c
040 _aSNK
_bslo
_cSNK
_eAACR2
100 1 _aEllison, Ralph
245 1 0 _aNeviditeľný
260 _aBratislava
_bTatran
_c1974
300 _a503 s.
020 _c32
044 _axo
_cSK
041 _aslo
999 _c10544
_d10544